Home Print Resources E-Books E-Journals IIMT Lecture Series Library Membership Form Book Recommendation Form Campus Tour Take AdmissionAbout Us Contact Us

SHRI DURGA SAPTSHATI SACHITR (Record no. 53873)

000 -LEADER
fixed length control field 00357nam a22001457a 4500
003 - CONTROL NUMBER IDENTIFIER
control field OSt
005 - DATE AND TIME OF LATEST TRANSACTION
control field 20230614043723.0
008 - FIXED-LENGTH DATA ELEMENTS--GENERAL INFORMATION
fixed length control field 220727b xxu||||| |||| 00| 0 eng d
040 ## - CATALOGING SOURCE
Transcribing agency IIMT UNIVERSITY
100 ## - MAIN ENTRY--PERSONAL NAME
Personal name GEETA PRESS GORAKHPUR
245 ## - TITLE STATEMENT
Title SHRI DURGA SAPTSHATI SACHITR
260 ## - PUBLICATION, DISTRIBUTION, ETC.
Place of publication, distribution, etc. GORAKHPUR
Name of publisher, distributor, etc. GEETA PRESS
Date of publication, distribution, etc. 2016
300 ## - PHYSICAL DESCRIPTION
Extent 237
942 ## - ADDED ENTRY ELEMENTS (KOHA)
Source of classification or shelving scheme
Koha item type Specimen
Holdings
Withdrawn status Lost status Source of classification or shelving scheme Damaged status Not for loan Home library Current library Date acquired Source of acquisition Inventory number Barcode Date last seen Price effective from Koha item type
          IIMT University Central Library Meerut IIMT University Central Library Meerut 07/27/2022 CHAIRMAN SIR 000 28-S-2256 07/27/2022 07/27/2022 Religious Book
IIMT, Central Library. All Rights Reserved IIMT,UNIVERSITY © 2023
Implemented and Customised by I CLOUDE EMS
You Are OPAC Visitor No
free web counter

Powered by Koha